000 00451nam a2200169Ia 4500
008 090711s9999 xx 000 0 und d
082 _b35613
100 _aगवाणकर गंगाराम
245 _aदोघी
260 _c1976
300 _a70
600 _aगवाणकर गंगाराम
630 _aदोघी
700 _aगवाणकर गंगाराम
730 _aदोघी
942 _cBOOK
999 _c306112
_d306112